000 00569nam a22001817a 4500
005 20231031083752.0
008 231031b |||||||| |||| 00| 0 eng d
020 _a0421205903
041 _aEnglish
082 _a347.6 PHI
100 _aBuzzard, JH, May R and Howard MN
_lEnglish
245 _aPhipson on Evidence /
_cJH Buzzard, R May and MN Howard
250 _aTwelfth Edition
260 _aLondon :
_bSweet and Maxwell,
_c1976
300 _bcxciii, 1014 pages ;
_c26 cm.
650 _alegal practice
_bLaw
942 _cBK
_6ALISON_BN_VRIES
999 _c171
_d171